LEADER 01655nam a2200325 a 4500 001 000000153828 003 CaOOAMICUS 005 20160913150621.0 008 160913s1989 fr u000 u fre r 020 $a88-13-16739-3* 032 $aLibriCat 040 $aPUL$bita 245 00$aAide judicaire et acces a la justice en Europe / $crédacteur générale Guido Gerin. 260 $aPadova :$bCEDAM,$c©1989. 300 $avii, 165 p. ;$c24 cm. 490 1 $aCollana dell'Istituto internazionale di studi sui diritti dell'uomo ;$v09 500 $aIn testa al front.: Institut international d'études des droits de l'homme = Istituto internazionale di studi sui diritti dell'uomo = International institute for human rights studies 504 $aBibliografia in nota a piè pagina. 650 4$aGiustizia$xCritica e interpretazione.$0(OLS)http://pul/subject/28079 700 1 $aGerin, Guido.$0(OLS)http://pul/name/33985 710 1 $aInstitut international d'études des droits de l'homme.$0(OLS)http://pul/name/97861 830 0$aCollana dell'Istituto Internazionale di studi sui diritti dell'uomo ;$v09.$0(OLS)http://pul/title/193368 850 $aPUL 852 $aPUL$W1$xDP1 Fondo G. Barberini$y122$m4 B 91$j163316$qFondi$B179795$CPULBib$Z2$F179795 $HBar468 $81 941 1 $a1 983 0$aIstituto internazionale di studi sui diritti dell'uomo (Series) 996 $6020$a88-13-16739-3*$9(OLS)http://pul/number/161016 996 $6245$aAide judicaire et acces a la justice en Europe / $9(OLS)http://pul/title/193369 996 $6260$aPadova :$bCEDAM$9(OLS)http://pul/publisher/48126 LEADER 01484nam a2200301 a 4500 001 000000174915 003 CaOOAMICUS 005 20220120151357.0 008 220120s2012 cx 000 u fre r 020 $a978-29-19-54405-9* 032 $aLibriCat 040 $aPUL$bita$d$d$d 100 1 $aFrattini, Lorenzo Mboriguié,$cM.C.C.J.$0(OLS)http://pul/name/76484 245 10$aRéconciliation, justice et paix :$bune spiritualité pour la solidarité /$cLaurent Frattini. 250 $aIIème édition 260 $a[S. l.] :$bEditions Justice et Paix Centrafrique,$c2012$e(Roma :$fCromografica Roma ) 300 $a134 p. ;$c23 cm 500 $aNell'ultima pagina: "Copyright 2012 Angelo Frattini. Responsabile della pubblicazione Angelo Frattini. Libro pubblicato dall'autore". 650 4$aChiesa e società$zAfrica.$0(OLS)http://pul/subject/39334 650 4$aGiustizia (teologia).$0(OLS)http://pul/subject/44115 650 4$aPace$xAspetti religiosi.$0(OLS)http://pul/subject/35532 850 $aPUL 852 $aPUL$W1$xSL Religione 3$y85$m261. 1 FRALA 1$j199225$qDDC 21$B203887$CPULBib$Z2$F203887 $H135274 $82 941 1 $a9 996 $6020$a978-29-19-54405-9*$9(OLS)http://pul/number/168451 996 $6245$aRéconciliation, justice et paix :$bune spiritualité pour la solidarité$9(OLS)http://pul/title/216296 996 $6260$a[S. l.] :$bEditions Justice et Paix Centrafrique$9(OLS)http://pul/publisher/87461